000 00521nam a2200181Ia 4500
999 _c28732
_d28732
003 OSt
005 20210112134525.0
008 190216s9999||||xx |||||||||||||| ||und||
020 _a9788126412921
040 _coclc
082 _a894.81
_bSSUG/S
100 _aSugathakumari
_97026
245 0 _aSugathakumariyude Kavithakal Sampoornam /
_cSugathakumari
260 _bDc Books,
_aKottayam:
_c2006.
300 _a987p
650 _aKavithakal
942 _cBK
_2ddc
_h894.81
_iSSUG/S
_k894.81
_mSSUG/S